| 000 | 00624nam a22001937a 4500 | ||
|---|---|---|---|
| 999 |
_c182529 _d182529 |
||
| 005 | 20211118143529.0 | ||
| 010 | _aUR-11329 | ||
| 020 |
_c300.00 _a9789391238162 |
||
| 035 | _aU-9884 | ||
| 037 | _bDBAD/PUB | ||
| 082 | _a841 | ||
| 100 | _aہا شمی نسر ين سحر | ||
| 245 |
_aنو يد سحر _cہا شمی نسر ين سحر |
||
| 246 |
_aNaved-e-Sehar (Urdu) _bby Hashmi Nasreen Sehar |
||
| 260 |
_aN.Delhi _c2021 ء _bEducational Publishing House |
||
| 270 |
_aD1/16,Ansari Road,Darya Ganj, _bNew Delhi _e110002 _l - |
||
| 300 |
_a280 ص _c22 Cm(Hb) |
||
| 942 |
_2ddc _cUR _h841 _mہ ا ش |
||